Correlation of formations drilled in the Midland Forster well near Fremont, Nebraska, (Record no. 27532)
[ view plain ]
| 000 -LEADER | |
|---|---|
| fixed length control field | 00805cam a22002411 4500 |
| 001 - CONTROL NUMBER | |
| control field | gs 39000115 |
| 003 - CONTROL NUMBER IDENTIFIER | |
| control field | DLC |
| 005 - DATE AND TIME OF LATEST TRANSACTION | |
| control field | 20260227111344.0 |
| 008 - FIXED-LENGTH DATA ELEMENTS--GENERAL INFORMATION | |
| fixed length control field | 790615s1938 nbu s000 0 eng |
| 010 ## - LIBRARY OF CONGRESS CONTROL NUMBER | |
| LC control number | gs 39000115 |
| 035 ## - SYSTEM CONTROL NUMBER | |
| System control number | (OCoLC)5069578 |
| 040 ## - CATALOGING SOURCE | |
| Original cataloging agency | DLC |
| Transcribing agency | TxCM |
| Modifying agency | OCoLC |
| -- | DLC |
| 042 ## - AUTHENTICATION CODE | |
| Authentication code | premarc |
| 050 00 - LIBRARY OF CONGRESS CALL NUMBER | |
| Classification number | QE135 |
| Item number | .A43 no. 13 |
| 100 1# - MAIN ENTRY--PERSONAL NAME | |
| Personal name | Reed, E. C. |
| Fuller form of name | (Eugene Clifton), |
| Dates associated with a name | 1901- |
| 245 10 - TITLE STATEMENT | |
| Title | Correlation of formations drilled in the Midland Forster well near Fremont, Nebraska, |
| Statement of responsibility, etc. | by E. C. Reed. |
| 260 ## - PUBLICATION, DISTRIBUTION, ETC. | |
| Place of publication, distribution, etc. | [Lincoln] |
| Name of publisher, distributor, etc. | Published by authority of the state of Nebraska, |
| Date of publication, distribution, etc. | 1938. |
| 300 ## - PHYSICAL DESCRIPTION | |
| Extent | 20 p. |
| 410 20 - SERIES STATEMENT/ADDED ENTRY--CORPORATE NAME [OBSOLETE, CAN/MARC], [LOCAL, USA] | |
| Corporate name or jurisdiction name as entry element | Nebraska Geological Survey |
| Title of a work | Paper |
| Volume number/sequential designation | no. 13 |
| 650 #0 - SUBJECT ADDED ENTRY--TOPICAL TERM | |
| Topical term or geographic name entry element | Geology |
| Geographic subdivision | Nebraska. |
| 650 #0 - SUBJECT ADDED ENTRY--TOPICAL TERM | |
| Topical term or geographic name entry element | Groundwater |
| Geographic subdivision | Nebraska. |
| 740 0# - ADDED ENTRY--UNCONTROLLED RELATED/ANALYTICAL TITLE | |
| Uncontrolled related/analytical title | Midland Forster well near Fremont, Nebraska. |
No items available.